000 02162cam a22005174i 4500
001 u52325
003 PE-LiUPU
005 20260204150054.0
008 150706s2010 ag r 000 0 spa d
020 _a9875676276
020 _a9789875676275
035 _a(Sirsi) i9789875676275
040 _aPE-LiUPU
_bspa
_cPE-LiUPU
_erda
049 _aPRUA
082 0 4 _a286.732
_bK69v
_223
100 1 _aKnight, George Raymond,
_eautor.
_d1941- ,
_97832
245 1 3 _aLa visión apocalíptica y la neutralización del adventismo :
_b¿estamos borrando nuestra relevancia? /
_cGeorge R. Knight.
264 1 _aBuenos Aires, AG :
_bACES,
_c2010.
300 _a125 páginas ;
_c23 cm
336 _atext
_2rdacontent
337 _aunmediated
_2rdamedia
338 _avolume
_2rdacarrier
505 0 _aYa está bien tanta predicación zoológica -- Nuevo vistazo a la profecía apocalíptica y la Historia adventista -- Pero no se olviden de la zoología (incluidas las bestias modernas) -- La falacia de las ideas continuistas -- Vivir la visión apocalíptica en los siglos XXI -- Una vislumbre de la neoapocalíptica.
526 _aSEG42
526 _aSEG41
526 _aSEG40
526 _aSEG39
526 _aP94
526 _aP87
526 _aP86
526 _aP85
526 _aP77
526 _aP76
526 _aP35
650 1 4 _aAdventistas del Séptimo Día
_xDoctrinas.
650 2 4 _aAdventistas del Séptimo Día
_xProfecías
_97831
910 _adbm
942 _2ddc
_cBK
949 _a286.732 K69 2010
_wDEWEY
_c1
_iFT03359
_lCCODEBUT1
_mBUT
_p12.02
_r0
_sY
_tBOOK
_u2017-10-16
_xBIBLIOTECA
_zUNKNOWN
_0COMPRA
_o.STAFF. Colección general
949 _aBX6121.1 .K55 2010
_wDEWEY
_c1
_iCW66415
_lCIAE6
_mBWL
_p20.00
_r1
_sY
_tBOOK
_u2015-7-6
_xWHITE
_zUNKNOWN
_o.STAFF. Centro White
949 _aBX6121.1 .K55 2010
_wDEWEY
_c2
_iCW48798
_lCIAE4
_mBWL
_p20.00
_r0
_sY
_tBOOK
_u2018-2-20
_xWHITE
_zUNKNOWN
_0COMPRA
_o.STAFF. Centro White
980 _818226
_gJaime Vilcazán Jefe de Análisis Documental
999 _c54935
_d54935